Southville International School and Colleges
Your cart is empty.
  • Cart
  • Lists
    Public lists list_1 View all
    Your lists Log in to create your own lists
  • Log in to your account
  • Your cookies
  • Search history
Southville International School and Colleges
  • Advanced search
  • Recent comments
  • Most popular
  • Libraries

Log in to your account

Log in with GOOGLE


If you do not have an external account, but do have a local account, you can still log in:

  1. Home
  2. MARC view: Benji's big adventure /
Normal view MARC view ISBD view

Benji's big adventure / (Record no. 111508)

[ view plain ]
MARC details
000 -LEADER
fixed length control field 00496nam a2200169 a 4500
001 - CONTROL NUMBER
control field 3165
005 - DATE AND TIME OF LATEST TRANSACTION
control field 20140414131916.0
008 - FIXED-LENGTH DATA ELEMENTS--GENERAL INFORMATION
fixed length control field 060202s19uu xx 00 eng d
020 ## - INTERNATIONAL STANDARD BOOK NUMBER
International Standard Book Number 0-06-073083-8
050 ## - LIBRARY OF CONGRESS CALL NUMBER
Classification number ER
Item number B43 2004
100 ## - MAIN ENTRY--PERSONAL NAME
Personal name Driggs, Scout
245 ## - TITLE STATEMENT
Title Benji's big adventure /
Statement of responsibility, etc by Scout Driggs & Joe Camp ; photos by Tony Demin.
260 ## - PUBLICATION, DISTRIBUTION, ETC. (IMPRINT)
Place of publication, distribution, etc New York :
Name of publisher, distributor, etc Festival Readers,
Date of publication, distribution, etc 2004.
300 ## - PHYSICAL DESCRIPTION
Extent 32 p. : ill. ; cm.
650 ## - SUBJECT ADDED ENTRY--TOPICAL TERM
Topical term or geographic name as entry element Dogs
General subdivision Fiction
-- Children stories.
Holdings
Withdrawn status Lost status Damaged status Use restrictions Home library Current library Shelving location Date acquired Source of acquisition Total Checkouts Full call number Barcode Date last seen Price effective from Koha item type
        Munich Library Munich Library Easy Reading Section 02/02/2006     ER B43 2004 M2251 04/14/2014 04/14/2014 Books

Benji's big adventure /

APA

Driggs S., . (2004). Benji's big adventure. New York: Festival Readers.

Chicago

Driggs Scout, . 2004. Benji's big adventure. New York: Festival Readers.

Harvard

Driggs S., . (2004). Benji's big adventure. New York: Festival Readers.

MLA

Driggs Scout, . Benji's big adventure. New York: Festival Readers. 2004.

  • Place hold
  • Print
  • Cite
  • Add to your cart (remove)
  • Save record
    BIBTEX Dublin Core MARCXML MARC (non-Unicode/MARC-8) MARC (Unicode/UTF-8) MARC (Unicode/UTF-8, Standard) MODS (XML) RIS
  • More searches
    Search for this title in:
    Other Libraries (WorldCat) Other Databases (Google Scholar) Online Stores (Bookfinder.com) Open Library (openlibrary.org)

Exporting to Dublin Core...

SOUTHVILLE LIBRARY

Southville International School and Colleges Library

1281 Tropical Ave. Cor. Luxembourg St., BF Homes International, Las Pinas City

Tel. No. 8256374 / 252358 Loc. 117/146

Powered by Koha